书目信息 |
| 题名: |
西方文艺理论名著选编(上卷)
|
|
| 作者: | 伍蠡甫 , 胡经之 主编 | |
| 分册: | ||
| 出版信息: | 北京 北京大学出版社 1985.11 |
|
| 页数: | 568页 | |
| 开本: | 32开 | |
| 丛书名: | ||
| 单 册: | ||
| 中图分类: | I0-43 | |
| 科图分类: | ||
| 主题词: | 文学理论 | |
| 电子资源: | ||
| ISBN: | 7-301-00650-0 | |
| 000 | 00631nam0 2200205 45 | |
| 001 | 0007290835 | |
| 005 | 20000729083321.4 | |
| 010 | @a7-301-00650-0@d24.00元 | |
| 100 | @a20000729d1985 km y0chiy0120 ea | |
| 101 | 0 | @achi |
| 105 | @a z 000yy | |
| 200 | 1 | @a西方文艺理论名著选编(上卷)@AXi Fang Wen Yi Li Lun Ming Zhu Xuan Bian(Shang Juan)@f伍蠡甫,胡经之主编@FWu Li Fu,Hu Jing Zhi Zhu Bian |
| 210 | @a北京@c北京大学出版社@d1985.11 | |
| 215 | @a568页@d32开 | |
| 606 | 0 | @a文学理论 |
| 690 | @aI0-43@v3 | |
| 701 | 0 | @a伍蠡甫@4主编 |
| 701 | 0 | @a胡经之@4主编 |
| 801 | @aCN@bPftUser@c20000729 | |
| 905 | @b81214-218@dI0-43@eW258:1@f5 | |
| 西方文艺理论名著选编(上卷)/伍蠡甫,胡经之主编.-北京:北京大学出版社,1985.11 |
| 568页;32开 |
| ISBN 7-301-00650-0:24.00元 |
| ● |
| 相关链接 |
|
|
|
正题名:西方文艺理论名著选编(上卷)
索取号:I0-43/W258:1
 
预约/预借
| 序号 | 登录号 | 条形码 | 馆藏地/架位号 | 状态 | 备注 |
| 1 | 81214 | 200812148 | 文学库108/108文学库 1排2列4层/ [索取号:I0-43/W258:1] | 在馆 | |
| 2 | 81215 | 200812157 | 文学库108/108文学库 1排7列1层/ [索取号:I0-43/W258:1] | 在馆 | |
| 3 | 81216 | 200812166 | 文学库108/108文学库 1排2列4层/ [索取号:I0-43/W258:1] | 在馆 | |
| 4 | 81217 | 200812175 | 文学库108/108文学库 1排2列4层/ [索取号:I0-43/W258:1] | 在馆 | |
| 5 | 81218 | 200812184 | 文学库108/108文学库 1排2列4层/ [索取号:I0-43/W258:1] | 在馆 |